Normal view
MARC view
- Chapman, W.A.J
Entry Personal Name
001 - CONTROL NUMBER
- control field: 87087
003 - CONTROL NUMBER IDENTIFIER
- control field: NUST
005 - DATE AND TIME OF LATEST TRANSACTION
- control field: 20211228153031.0
008 - FIXED-LENGTH DATA ELEMENTS
- fixed length control field: 211228|| aca||aabn | a|a d
040 ## - CATALOGING SOURCE
- Original cataloging agency: NUST
- Transcribing agency: NUST
100 ## - HEADING--PERSONAL NAME
- Personal name: Chapman, W.A.J
670 ## - SOURCE DATA FOUND
- Source citation: Work cat.: (NUST)32229: Chapman, W.A.J., Workshop Technology part II /, 2004.
